| 000 | 00368nam a2200145Ia 4500 | ||
|---|---|---|---|
| 008 | 231217s9999 xx 000 0 und d | ||
| 041 | _aEnglish | ||
| 082 | _a001.6424 XAV `R' | ||
| 100 | _aXavier, C | ||
| 245 | 0 | _aIntroduction to computers and basic programming | |
| 260 |
_c1996 _bNew Delhi : New Age, |
||
| 300 | _a548 | ||
| 650 | _aProgramming | ||
| 942 | _cAA | ||
| 999 |
_c165902 _d165902 |
||